Southville International School and Colleges
Your cart is empty.
  • Cart
  • Lists
    Public lists Eva Luna New books Lux_list list_1
    Your lists Log in to create your own lists
  • Log in to your account
  • Your cookies
  • Search history
Southville International School and Colleges
  • Advanced search
  • Recent comments
  • Most popular
  • Libraries

Log in to your account

Log in with GOOGLE


If you do not have an external account, but do have a local account, you can still log in:

  1. Home
  2. MARC view: W.H. Walter's horse keeper's encyclopedia /
Normal view MARC view ISBD view

W.H. Walter's horse keeper's encyclopedia / (Record no. 9141)

[ view plain ]
MARC details
000 -LEADER
fixed length control field 00783pam a2200277 i 4500
001 - CONTROL NUMBER
control field 3681893
003 - CONTROL NUMBER IDENTIFIER
control field SISC
005 - DATE AND TIME OF LATEST TRANSACTION
control field 20160204154420.0
008 - FIXED-LENGTH DATA ELEMENTS--GENERAL INFORMATION
fixed length control field 780426t19791969nyuaf 001 0 eng
010 ## - LIBRARY OF CONGRESS CONTROL NUMBER
LC control number 78009000
020 ## - INTERNATIONAL STANDARD BOOK NUMBER
International Standard Book Number 0668046015 :
Terms of availability $2.95
040 ## - CATALOGING SOURCE
Original cataloging agency DLC
Transcribing agency DLC
Modifying agency DLC
050 00 - LIBRARY OF CONGRESS CALL NUMBER
Classification number SF 285
Item number .W24 1992
082 00 - DEWEY DECIMAL CLASSIFICATION NUMBER
Classification number HS 636.1
Item number H78 1960
100 1# - MAIN ENTRY--PERSONAL NAME
Personal name Walter, W. H.
9 (RLIN) 12561
245 10 - TITLE STATEMENT
Title W.H. Walter's horse keeper's encyclopedia /
Statement of responsibility, etc W. H. Walter.
260 ## - PUBLICATION, DISTRIBUTION, ETC. (IMPRINT)
Place of publication, distribution, etc Great Britain :
Name of publisher, distributor, etc Paperfronts,
Date of publication, distribution, etc c1992.
300 ## - PHYSICAL DESCRIPTION
Extent 224 p. :
Other physical details ill. ;
Dimensions 18 cm.
490 0# - SERIES STATEMENT
Series statement An Arc book
500 ## - GENERAL NOTE
General note Includes index.
650 #0 - SUBJECT ADDED ENTRY--TOPICAL TERM
Topical term or geographic name as entry element Horses.
9 (RLIN) 12562
740 ## - ADDED ENTRY--UNCONTROLLED RELATED/ANALYTICAL TITLE
Uncontrolled related/analytical title Horse keepers encyclopedia.
906 ## - LOCAL DATA ELEMENT F, LDF (RLIN)
a 7
b cbc
c orignew
d 1
e ocip
f 19
g y-gencatlg
942 ## - ADDED ENTRY ELEMENTS (KOHA)
Source of classification or shelving scheme Library of Congress Classification
Koha item type Books
Holdings
Withdrawn status Lost status Source of classification or shelving scheme Damaged status Home library Current library Shelving location Date acquired Total Checkouts Full call number Barcode Date last seen Copy number Price effective from Koha item type
    Library of Congress Classification   Luxembourg Library Luxembourg Library High School Section 08/23/2013   SF 285 .W24 1992 2168 05/25/2015 1 08/23/2013 Books

W.H. Walter's horse keeper's encyclopedia /

APA

Walter W. H., . (1992). W.H. Walter's horse keeper's encyclopedia. Great Britain: Paperfronts.

Chicago

Walter W H, . 1992. W.H. Walter's horse keeper's encyclopedia. Great Britain: Paperfronts.

Harvard

Walter W. H., . (1992). W.H. Walter's horse keeper's encyclopedia. Great Britain: Paperfronts.

MLA

Walter W H, . W.H. Walter's horse keeper's encyclopedia. Great Britain: Paperfronts. 1992.

  • Place hold
  • Print
  • Cite
  • Add to your cart (remove)
  • Save record
    BIBTEX Dublin Core MARCXML MARC (non-Unicode/MARC-8) MARC (Unicode/UTF-8) MARC (Unicode/UTF-8, Standard) MODS (XML) RIS
  • More searches
    Search for this title in:
    Other Libraries (WorldCat) Other Databases (Google Scholar) Online Stores (Bookfinder.com) Open Library (openlibrary.org)

Exporting to Dublin Core...

SOUTHVILLE LIBRARY

Southville International School and Colleges Library

1281 Tropical Ave. Cor. Luxembourg St., BF Homes International, Las Pinas City

Tel. No. 8256374 / 252358 Loc. 117/146

Powered by Koha